[Event "IND-ch 59th"]
[Site "New Delhi"]
[Date "2022.12.28"]
[Round "7"]
[White "Grahesh, Y."]
[Black "Sachi, Jain"]
[Result "1-0"]
[WhiteElo "2078"]
[BlackElo "1617"]
[PlyCount "85"]
[EventDate "2022.12.22"]
[EventType "swiss"]
[EventRounds "13"]
[EventCountry "IND"]
[SourceTitle "CBM 211 Extra"]
[Source "ChessBase"]
[SourceDate "2023.01.31"]
[SourceVersion "1"]
[SourceVersionDate "2023.01.31"]
[SourceQuality "1"]

1. c4 e5 2. Nc3 Nf6 3. g3 d5 4. cxd5 Nxd5 5. Bg2 Nb6 6. d3 Be7 7. Nf3 Nc6 8. a3 Be6 9. b4 0-0 10. 0-0 a5 11. b5 Nd4 12. Rb1 a4 13. Nxe5 Bb3 14. Qd2 Nd5 15. Nxd5 Bxd5 16. Nc4 Bxc4 17. dxc4 Bxa3 18. e3 Bxc1 19. Qxd4 Qxd4 20. exd4 Bg5 21. Bxb7 Ra7 22. Bd5 Bf6 23. Rfd1 Rd8 24. Ra1 a3 25. Ra2 Kf8 26. Kf1 Ra4 27. Ke2 Ke7 28. Rd3 Kf8 29. Kd2 Be7 30. Kc2 g5 31. Rf3 f6 32. Kc3 Kg7 33. Re3 Bd6 34. Bc6 Bf8 35. b6 Ra5 36. b7 Ra6 37. Re8 Rxe8 38. Bxe8 Rb6 39. Bc6 Bb4+ 40. Kd3 Be7 41. c5 Rb3+ 42. Kc4 Rb1 43. Rxa3 1-0

[Event "IND-ch 59th"]
[Site "New Delhi"]
[Date "2022.12.24"]
[Round "3"]
[White "Grahesh, Y."]
[Black "Anuj, Shrivatri"]
[Result "0-1"]
[WhiteElo "2078"]
[BlackElo "2414"]
[PlyCount "114"]
[EventDate "2022.12.22"]
[EventType "swiss"]
[EventRounds "13"]
[EventCountry "IND"]
[SourceTitle "CBM 211 Extra"]
[Source "ChessBase"]
[SourceDate "2023.01.31"]
[SourceVersion "1"]
[SourceVersionDate "2023.01.31"]
[SourceQuality "1"]

1. c4 g6 2. Nc3 Bg7 3. g3 c5 4. Bg2 Nc6 5. e4 a6 6. a4 d6 7. Nge2 Nf6 8. d3 Bg4 9. f3 Bd7 10. Be3 0-0 11. 0-0 Rb8 12. Rb1 e5 13. Qd2 Nb4 14. h3 Ne8 15. f4 exf4 16. Bxf4 Be6 17. b3 Nc6 18. Be3 Nd4 19. b4 b6 20. Kh2 Nc7 21. Nf4 Qe7 22. Nce2 Nc6 23. b5 Ne5 24. Nc3 Ra8 25. bxa6 Rxa6 26. Rb3 Nc6 27. Rfb1 Rb8 28. Nfd5 Bxd5 29. cxd5 Nd4 30. Bxd4 Bxd4 31. Ne2 Rxa4 32. Rxb6 Rxb6 33. Rxb6 Bf6 34. Qc2 Ra7 35. Ng1 Kg7 36. Qc4 Be5 37. Nf3 Ne8 38. d4 cxd4 39. Nxd4 Qg5 40. Qd3 Nf6 41. Nc6 Ra1 42. Nxe5 Qxe5 43. Rb4 Qg5 44. Qd4 Ra2 45. Rb2 Ra3 46. Qf2 Qe5 47. Re2 g5 48. Bf3 h5 49. Re1 Rb3 50. Re2 Rc3 51. Re1 Ra3 52. Re2 Rb3 53. Re1 h4 54. Kg2 Rb2 55. Re2 Rxe2 56. Bxe2 Nxe4 57. Qe3 Qxg3+ 0-1

[Event "IND-ch 57th"]
[Site "Majitar"]
[Date "2019.12.17"]
[Round "9"]
[White "Krishna, C Revanth Gopala"]
[Black "Grahesh, Y."]
[Result "1-0"]
[WhiteElo "2459"]
[BlackElo "2029"]
[PlyCount "59"]
[EventDate "2019.12.10"]
[EventType "swiss"]
[EventRounds "11"]
[EventCountry "IND"]
[SourceTitle "CBM 193 Extra"]
[Source "ChessBase"]
[SourceDate "2020.01.31"]
[SourceVersion "1"]
[SourceVersionDate "2020.01.31"]
[SourceQuality "1"]

1. d4 c5 2. d5 d6 3. e4 g6 4. Nc3 Bg7 5. f4 Bxc3+ 6. bxc3 Nf6 7. Qf3 e6 8. dxe6 Bxe6 9. f5 gxf5 10. Bg5 Rg8 11. Nh3 h6 12. exf5 hxg5 13. fxe6 fxe6 14. Bb5+ Nc6 15. Bxc6+ bxc6 16. Qxc6+ Ke7 17. Rb1 Rb8 18. 0-0 Rb6 19. Qf3 Rg6 20. Rbe1 Qg8 21. Nxg5 Rxg5 22. Qxf6+ Kd7 23. Qf7+ Kc6 24. Qf3+ d5 25. c4 Rb4 26. cxd5+ exd5 27. Rf2 a5 28. Qf6+ Kb5 29. a3 Rbg4 30. Qb2+ 1-0

[Event "IND-ch 57th"]
[Site "Majitar"]
[Date "2019.12.16"]
[Round "8"]
[White "Grahesh, Y."]
[Black "Sandipan, Chanda"]
[Result "0-1"]
[WhiteElo "2029"]
[BlackElo "2545"]
[PlyCount "90"]
[EventDate "2019.12.10"]
[EventType "swiss"]
[EventRounds "11"]
[EventCountry "IND"]
[SourceTitle "CBM 193 Extra"]
[Source "ChessBase"]
[SourceDate "2020.01.31"]
[SourceVersion "1"]
[SourceVersionDate "2020.01.31"]
[SourceQuality "1"]

1. c4 f5 2. g3 Nf6 3. Bg2 g6 4. Nc3 Bg7 5. d3 0-0 6. e4 d6 7. Nge2 c6 8. 0-0 e5 9. exf5 Bxf5 10. d4 Na6 11. a3 Qe7 12. h3 h5 13. Be3 Qf7 14. d5 c5 15. f4 e4 16. Rb1 Qd7 17. Kh2 Kf7 18. Qd2 Rh8 19. Rh1 b6 20. b4 Nc7 21. bxc5 dxc5 22. a4 Nce8 23. Qc1 Nd6 24. Nb5 Nxb5 25. Rxb5 h4 26. g4 Bxg4 27. hxg4 h3 28. Bxe4 Nxe4 29. Rg1 Nf6 30. f5 gxf5 31. Qf1 Rae8 32. Bg5 Nxg4+ 33. Kh1 Kg8 34. Rb3 Qxa4 35. Qxf5 Qxb3 36. Qxg4 h2 37. Rf1 Qh3 38. Qxh3 Rxh3 39. Nf4 Rg3 40. Bh4 Rg4 41. Ng2 Re2 42. d6 Rexg2 43. d7 Rg1+ 44. Kxh2 Rxh4+ 45. Kxg1 Rd4 0-1

[Event "IND-ch 57th"]
[Site "Majitar"]
[Date "2019.12.15"]
[Round "7"]
[White "Laxman, Rajaram"]
[Black "Grahesh, Y."]
[Result "0-1"]
[WhiteElo "2444"]
[BlackElo "2029"]
[PlyCount "56"]
[EventDate "2019.12.10"]
[EventType "swiss"]
[EventRounds "11"]
[EventCountry "IND"]
[SourceTitle "CBM 193 Extra"]
[Source "ChessBase"]
[SourceDate "2020.01.31"]
[SourceVersion "1"]
[SourceVersionDate "2020.01.31"]
[SourceQuality "1"]

1. d4 c5 2. d5 d6 3. Nc3 g6 4. Nf3 Bg7 5. h3 Nf6 6. e4 0-0 7. a4 e6 8. Bd3 exd5 9. exd5 Re8+ 10. Be3 Na6 11. Bb5 Bd7 12. Bxa6 bxa6 13. Nd2 Rb8 14. Ra2 Rb4 15. 0-0 Qb8 16. b3 Bf5 17. Qf3 Nd7 18. Ne2 Ne5 19. Qg3 c4 20. Nd4 Bd7 21. Ne4 cxb3 22. cxb3 Nd3 23. Qf3 f5 24. Ng5 Bxd4 25. Bd2 Rxb3 26. Qg3 Nxf2 27. Qh4 Ne4+ 28. Kh2 Be5+ 0-1

[Event "New Delhi Parsvnath op-A 17th"]
[Site "New Delhi"]
[Date "2019.01.16"]
[Round "10"]
[White "Grahesh, Y."]
[Black "Aronyak, Ghosh"]
[Result "1-0"]
[WhiteElo "1992"]
[BlackElo "2353"]
[PlyCount "93"]
[EventDate "2019.01.09"]
[EventType "swiss"]
[EventRounds "10"]
[EventCountry "IND"]
[SourceTitle "CBM 188 Extra"]
[Source "ChessBase"]
[SourceDate "2019.02.26"]
[SourceVersion "1"]
[SourceVersionDate "2019.02.26"]
[SourceQuality "1"]

1. c4 e6 2. Nc3 d5 3. cxd5 exd5 4. d4 c6 5. Nf3 Bf5 6. Bf4 Bd6 7. Bg3 Nf6 8. e3 0-0 9. Bd3 Bxd3 10. Qxd3 Re8 11. Nd2 Na6 12. 0-0 Nc7 13. Bxd6 Qxd6 14. b4 Ne6 15. Rab1 Ng5 16. h3 Re6 17. b5 Rae8 18. bxc6 bxc6 19. Ne2 Nfe4 20. Nf4 Rh6 21. Rb7 a5 22. Ra7 Nxd2 23. Qxd2 Ne6 24. Nxe6 Qxe6 25. Qxa5 Rg6 26. Ra8 h5 27. Rxe8+ Qxe8 28. Qd2 Qe4 29. f3 Qf5 30. Kh1 Re6 31. a4 g5 32. Kg1 Re7 33. a5 Qe6 34. Re1 g4 35. hxg4 hxg4 36. Qf2 Ra7 37. Ra1 Kf8 38. fxg4 Qxg4 39. Qb2 Kg7 40. a6 Qg3 41. Qf2 Qg5 42. Qf4 Qe7 43. Kf2 Qb4 44. Rh1 Kf8 45. Rh8+ Ke7 46. Qe5+ Kd7 47. Qe8+ 1-0

[Event "IND-ch U15"]
[Site "Jammu"]
[Date "2015.09.25"]
[Round "7"]
[White "Grahesh, Y."]
[Black "Harikrishnan, A Ra"]
[Result "0-1"]
[WhiteElo "1959"]
[BlackElo "2174"]
[PlyCount "86"]
[EventDate "2015.09.21"]
[EventType "swiss"]
[EventRounds "11"]
[EventCountry "IND"]
[SourceTitle "EXT 2016"]
[Source "ChessBase"]
[SourceDate "2015.10.08"]
[SourceVersion "1"]
[SourceVersionDate "2015.10.08"]
[SourceQuality "1"]

1. c4 e5 2. Nc3 Nc6 3. g3 g6 4. Bg2 Bg7 5. d3 Nge7 6. e4 0-0 7. Nge2 d6 8. 0-0 f5 9. Rb1 a5 10. Nd5 Nxd5 11. cxd5 Ne7 12. Be3 c6 13. dxc6 bxc6 14. f4 Ba6 15. Rf2 Rb8 16. b3 Qd7 17. Rc1 Rfd8 18. Qc2 Kh8 19. h3 exf4 20. gxf4 c5 21. Ng3 Nc6 22. Rd1 Nd4 23. Qc1 a4 24. bxa4 Rb4 25. Kh2 h5 26. Bd2 h4 27. Nf1 Rb2 28. Be1 Rdb8 29. Rxb2 Rxb2 30. Rd2 Ne2 31. Qd1 Nxf4 32. Bxh4 Nxg2 33. Kxg2 Rxd2+ 34. Qxd2 fxe4 35. dxe4 Bxf1+ 36. Kxf1 Qxh3+ 37. Qg2 Qxh4 38. Ke2 Qh5+ 39. Kd3 c4+ 40. Kc2 c3 41. Qf2 Qa5 42. Qh2+ Kg8 43. Qxd6 Qxa4+ 0-1

[Event "IND-ch U17 25th"]
[Site "Bihar"]
[Date "2014.12.08"]
[Round "9"]
[White "Hemanth, Raam"]
[Black "Grahesh, Y."]
[Result "0-1"]
[WhiteElo "2001"]
[BlackElo "1959"]
[PlyCount "146"]
[EventDate "2014.12.02"]
[EventType "swiss"]
[EventRounds "11"]
[EventCountry "IND"]
[SourceTitle "EXT 2016"]
[Source "ChessBase"]
[SourceDate "2015.10.08"]
[SourceVersion "1"]
[SourceVersionDate "2015.10.08"]
[SourceQuality "1"]

1. e4 c5 2. Nf3 d6 3. d4 cxd4 4. Nxd4 Nf6 5. Nc3 Nc6 6. Bc4 Qb6 7. Ndb5 a6 8. Be3 Qa5 9. Nd4 e6 10. 0-0 Be7 11. f4 0-0 12. Bb3 Nxd4 13. Bxd4 Bd7 14. f5 Rac8 15. Qd3 e5 16. Bf2 Bc6 17. Qf3 b5 18. a3 Qc7 19. g4 h6 20. h4 Nh7 21. Qg3 a5 22. Kh2 b4 23. axb4 axb4 24. Ra7 Qd8 25. Nd5 Bxd5 26. exd5 Nf6 27. Qg2 Nd7 28. g5 hxg5 29. hxg5 Bxg5 30. Qh3 Nc5 31. Rg1 Nxb3 32. Qxb3 Bf4+ 33. Kh1 Qf6 34. Qd3 Ra8 35. Rb7 Rfb8 36. Rc7 Rc8 37. Rb7 Rab8 38. Rd7 Rd8 39. Ra7 Re8 40. Qe4 Ra8 41. Rxa8 Rxa8 42. Rg4 Qh6+ 43. Bh4 Qh5 44. Qf3 Ra1+ 45. Kg2 Qxf5 46. Bf2 Rc1 47. Qh3 Qe4+ 48. Qf3 Qxf3+ 49. Kxf3 Rxc2 50. b3 Rd2 51. Rg1 f5 52. Be1 Rxd5 53. Bxb4 Rd3+ 54. Ke2 e4 55. Rb1 Rd5 56. Bc3 g5 57. b4 Rb5 58. Rb2 d5 59. Rb1 Kf7 60. Bd4 Bd6 61. Bc3 Ke6 62. Rh1 d4 63. Bxd4 Rxb4 64. Bc3 Rb3 65. Bg7 Be5 66. Rh6+ Kd5 67. Bf8 Rb2+ 68. Kf1 e3 69. Rh3 Ke4 70. Bh6 Bf4 71. Bg7 Rc2 72. Ke1 g4 73. Kd1 Rd2+ 0-1

[Event "IND-ch U17 25th"]
[Site "Bihar"]
[Date "2014.12.05"]
[Round "5"]
[White "Prasannaa, S."]
[Black "Grahesh, Y."]
[Result "1-0"]
[WhiteElo "2181"]
[BlackElo "1959"]
[PlyCount "69"]
[EventDate "2014.12.02"]
[EventType "swiss"]
[EventRounds "11"]
[EventCountry "IND"]
[SourceTitle "EXT 2016"]
[Source "ChessBase"]
[SourceDate "2015.10.08"]
[SourceVersion "1"]
[SourceVersionDate "2015.10.08"]
[SourceQuality "1"]

1. c4 c5 2. g3 Nf6 3. Bg2 Nc6 4. Nc3 g6 5. Nf3 Bg7 6. 0-0 0-0 7. a3 d6 8. Rb1 a5 9. d3 h6 10. h3 Bd7 11. Ne1 Ne8 12. Nc2 Nc7 13. Be3 Rb8 14. Qd2 Kh7 15. b4 axb4 16. axb4 cxb4 17. Nd5 e6 18. Ndxb4 Nxb4 19. Rxb4 Bc6 20. Rfb1 d5 21. Bc5 Re8 22. Nd4 Ra8 23. Nxc6 bxc6 24. Rb7 Na6 25. Ba3 Kg8 26. R1b6 Nc7 27. Rxc6 Rxa3 28. Rcxc7 Ra1+ 29. Kh2 Rf8 30. cxd5 exd5 31. Qf4 Qf6 32. Qxf6 Bxf6 33. Bxd5 Bg7 34. Kg2 Ra6 35. Bxf7+ 1-0

[Event "Wch U20 53rd"]
[Site "Pune"]
[Date "2014.10.10"]
[Round "5"]
[White "Reddy, Ananta"]
[Black "Grahesh, Y."]
[Result "0-1"]
[WhiteElo "1420"]
[BlackElo "1919"]
[PlyCount "112"]
[EventDate "2014.10.06"]
[EventType "swiss"]
[EventRounds "13"]
[EventCountry "IND"]
[SourceTitle "EXT 2015"]
[Source "ChessBase"]
[SourceDate "2014.11.20"]
[SourceVersion "1"]
[SourceVersionDate "2014.11.20"]
[SourceQuality "1"]

1. c4 c5 2. g3 Nf6 3. Bg2 d5 4. cxd5 Nxd5 5. Nc3 Nb6 6. Nf3 Nc6 7. 0-0 e5 8. Ne1 Bd7 9. d3 Be7 10. Be3 0-0 11. f4 exf4 12. Bxf4 Rc8 13. Rc1 Be6 14. Nf3 Nd5 15. Nxd5 Bxd5 16. b3 Bf6 17. Be3 b6 18. Bh3 Qe7 19. Bf2 Rcd8 20. Re1 Bxf3 21. exf3 Qd6 22. Bf1 Nb4 23. Qe2 Qxd3 24. Qxd3 Nxd3 25. Bxd3 Rxd3 26. Re3 Rxe3 27. Bxe3 Rd8 28. Re1 h5 29. Kf2 Kh7 30. Ke2 Re8 31. Kf2 Rd8 32. Ke2 Bd4 33. Rd1 Re8 34. Rd3 Kg6 35. Kd2 Bxe3+ 36. Rxe3 Rxe3 37. Kxe3 Kf5 38. Kd3 b5 39. a3 Ke5 40. f4+ Kd5 41. h3 f5 42. a4 bxa4 43. bxa4 c4+ 44. Kc3 a5 45. Kc2 Kd4 46. Kd2 c3+ 47. Kc2 Kc4 48. Kc1 Kb3 49. Kb1 Kxa4 50. Kc2 Kb4 51. Kc1 Kb3 52. Kb1 a4 53. h4 c2+ 54. Kc1 a3 55. g4 fxg4 56. f5 a2 0-1

[Event "Wch U20 53rd"]
[Site "Pune"]
[Date "2014.10.09"]
[Round "4"]
[White "Grahesh, Y."]
[Black "Muthaiah, Al"]
[Result "0-1"]
[WhiteElo "1919"]
[BlackElo "2215"]
[PlyCount "124"]
[EventDate "2014.10.06"]
[EventType "swiss"]
[EventRounds "13"]
[EventCountry "IND"]
[SourceTitle "EXT 2015"]
[Source "ChessBase"]
[SourceDate "2014.11.20"]
[SourceVersion "1"]
[SourceVersionDate "2014.11.20"]
[SourceQuality "1"]

1. c4 e6 2. Nc3 b6 3. Nf3 Bb7 4. g3 Bb4 5. Bg2 Bxc3 6. bxc3 Nf6 7. Ba3 d6 8. 0-0 0-0 9. d3 c5 10. Qc2 Nc6 11. e4 Re8 12. Rfe1 Qc7 13. Rad1 a6 14. d4 Nd7 15. Qd3 Red8 16. Bb2 Na5 17. Nd2 Bc6 18. d5 Ne5 19. Qc2 exd5 20. exd5 Bd7 21. Bf1 Bg4 22. Ra1 Qd7 23. Qe4 Re8 24. Qg2 Qf5 25. Re3 Qc2 26. Bc1 Bf5 27. h4 Nd3 28. Bxd3 Bxd3 29. Qf3 Rxe3 30. Qxe3 Nxc4 31. Nxc4 Bxc4 32. Bd2 Bxd5 33. a3 Qf5 34. Re1 Bc6 35. f3 h6 36. Qf4 Qd5 37. Kf2 Re8 38. Rxe8+ Bxe8 39. c4 Qd3 40. Qe3 Qxe3+ 41. Kxe3 Bc6 42. Bc3 f6 43. f4 h5 44. f5 Kf7 45. Kf4 Ke7 46. Bd2 Bg2 47. a4 a5 48. g4 hxg4 49. Kxg4 Bf1 50. h5 Be2+ 51. Kh4 Bxc4 52. h6 gxh6 53. Bxh6 Bb3 54. Kh5 Bf7+ 55. Kg4 Be8 56. Bf4 Bxa4 57. Kh5 Bb3 58. Kg6 a4 59. Bg3 a3 60. Bh4 Bf7+ 61. Kg7 b5 62. Bxf6+ Ke8 0-1

[Event "Wch U20 53rd"]
[Site "Pune"]
[Date "2014.10.06"]
[Round "1"]
[White "Grahesh, Y."]
[Black "Navalgund, Niranjan"]
[Result "0-1"]
[WhiteElo "1919"]
[BlackElo "2267"]
[PlyCount "80"]
[EventDate "2014.10.06"]
[EventType "swiss"]
[EventRounds "13"]
[EventCountry "IND"]
[SourceTitle "EXT 2015"]
[Source "ChessBase"]
[SourceDate "2014.11.20"]
[SourceVersion "1"]
[SourceVersionDate "2014.11.20"]
[SourceQuality "1"]

1. c4 g6 2. Nc3 Bg7 3. g3 Nf6 4. Bg2 0-0 5. e4 d6 6. Nge2 c5 7. d3 Nc6 8. 0-0 Bd7 9. h3 a6 10. a4 Ne8 11. Be3 Nd4 12. Rb1 Rb8 13. b4 Nxe2+ 14. Nxe2 cxb4 15. Rxb4 b5 16. Qb3 Nc7 17. Rb1 bxc4 18. Qxc4 Rxb4 19. Rxb4 Qc8 20. d4 a5 21. Rb1 Na6 22. Qb3 Nb4 23. Kh2 Qa6 24. Nc3 Rc8 25. Nd5 Nxd5 26. Qxd5 Bxa4 27. Ra1 Bb5 28. e5 dxe5 29. dxe5 a4 30. Rb1 Bc6 31. Qd4 Bxg2 32. Kxg2 a3 33. Ra1 a2 34. Qb2 Ra8 35. Kh2 h5 36. h4 Qa5 37. Bd4 Qd5 38. Be3 Ra6 39. Re1 e6 40. Kg1 Qd3 0-1

[Event "IND-ch U15"]
[Site "Thrissur"]
[Date "2014.08.08"]
[Round "7"]
[White "Grahesh, Y."]
[Black "Wagh, Suyog"]
[Result "0-1"]
[WhiteElo "2021"]
[BlackElo "1946"]
[PlyCount "48"]
[EventDate "2014.08.04"]
[EventType "swiss"]
[EventRounds "11"]
[EventCountry "IND"]
[SourceTitle "CBM 162 Extra"]
[Source "ChessBase"]
[SourceDate "2014.10.17"]
[SourceVersion "1"]
[SourceVersionDate "2014.10.17"]
[SourceQuality "1"]

1. c4 e5 2. Nc3 Nc6 3. g3 f5 4. Bg2 Nf6 5. e3 d5 6. Nxd5 Nxd5 7. cxd5 Nb4 8. d3 c6 9. Ne2 Nxd5 10. 0-0 Be6 11. a3 Be7 12. e4 fxe4 13. d4 Qb6 14. dxe5 0-0-0 15. Qc2 e3 16. f4 g6 17. b4 Kb8 18. Rb1 Bf5 19. Be4 Bxe4 20. Qxe4 Nc3 21. Nxc3 e2+ 22. Be3 exf1Q+ 23. Rxf1 Qa6 24. Kf2 Qxa3 0-1

[Event "IND-ch U13"]
[Site "Puducherry"]
[Date "2013.07.05"]
[Round "8"]
[White "Hemanth, Raam"]
[Black "Grahesh, Y."]
[Result "0-1"]
[WhiteElo "1823"]
[BlackElo "2057"]
[PlyCount "74"]
[EventDate "2013.06.30"]
[EventType "swiss"]
[EventRounds "11"]
[EventCountry "IND"]
[SourceTitle "EXT 2014"]
[Source "ChessBase"]
[SourceDate "2013.11.20"]
[SourceVersion "1"]
[SourceVersionDate "2013.11.20"]
[SourceQuality "1"]

1. e4 c5 2. Nf3 d6 3. d4 cxd4 4. Nxd4 Nf6 5. Nc3 Nc6 6. Bc4 Qb6 7. Ndb5 a6 8. Be3 Qa5 9. Nd4 e6 10. 0-0 Be7 11. Bb3 0-0 12. f4 Nxd4 13. Bxd4 Bd7 14. Kh1 Bc6 15. Qe2 Rad8 16. Rad1 b5 17. a3 Qc7 18. Rd3 Qb7 19. Bf2 a5 20. e5 dxe5 21. fxe5 Ne4 22. Nxe4 Bxe4 23. Be3 Bg6 24. Qg4 a4 25. Ba2 Qc7 26. Bd4 Qxc2 27. Bc3 h5 28. Qf3 Rxd3 29. Qf4 Rg3 30. Qxg3 Rd8 31. Qe1 Be4 32. Rg1 Rd1 33. Qxd1 Bxg2+ 34. Rxg2 Qxd1+ 35. Rg1 Qf3+ 36. Rg2 Bc5 37. h4 Qh3+ 0-1

[Event "Visakhapatnam op"]
[Site "Visakhapatnam"]
[Date "2012.10.26"]
[Round "1"]
[White "Rahman, Ziaur"]
[Black "Grahesh, Y."]
[Result "1-0"]
[WhiteElo "2502"]
[BlackElo "1894"]
[PlyCount "93"]
[EventDate "2012.10.26"]
[EventType "swiss"]
[EventRounds "11"]
[EventCountry "IND"]
[SourceTitle "EXT 2013"]
[Source "ChessBase"]
[SourceDate "2012.11.22"]
[SourceVersion "1"]
[SourceVersionDate "2012.11.22"]
[SourceQuality "1"]

1. Nf3 c5 2. g3 Nc6 3. Bg2 d5 4. d4 Nf6 5. 0-0 e6 6. c4 Be7 7. dxc5 Bxc5 8. a3 dxc4 9. Qa4 0-0 10. Qxc4 Bb6 11. Bf4 Qd5 12. Nbd2 Qh5 13. Ne4 Nxe4 14. Qxe4 e5 15. Be3 Bxe3 16. Qxe3 Bg4 17. b4 Rad8 18. Rfd1 Rfe8 19. b5 Nd4 20. Nxd4 exd4 21. Rxd4 Qxb5 22. Rxd8 Rxd8 23. Qxa7 Qb2 24. Re1 b6 25. Bf1 h6 26. Qe7 Rd7 27. Qe8+ Kh7 28. Qe4+ f5 29. Qe6 Qd2 30. Rb1 Rd6 31. Qe5 Rd5 32. Qe6 Rd6 33. Qe7 Rd7 34. Qe8 Rd8 35. Qb5 Rd6 36. h3 Bh5 37. e4 Qc2 38. exf5 Bf3 39. g4 Qd2 40. Qe5 Qd5 41. Qxd5 Rxd5 42. Rb3 Be4 43. f3 Bc2 44. Rb2 Rd2 45. f6 Kg8 46. fxg7 Kxg7 47. f4 1-0